Визуализация состояния сердца с помощью аппаратно-програмного комплекса, основанного на кардиографической аппаратуре на наносенсорах; Молодой ученый; № 10 (90)

ग्रंथसूची विवरण
Parent link:Молодой ученый: ежемесячный научный журнал.— , 2008-
№ 10 (90).— 2015.— [С. 174-178]
मुख्य लेखक: Григорьев М. Г. Михаил Георгиевич
निगमित लेखक: Национальный исследовательский Томский политехнический университет (ТПУ) Институт неразрушающего контроля (ИНК) Лаборатория № 63 (Медицинского приборостроения)
अन्य लेखक: Бабич Л. Н. Людмила Николаевна
सारांश:Заглавие с экрана
Один из основных векторов развития современного оборудования в сфере медицинского приборостроения заключено в создании и совершенствовании сверхточных методов и приборов для диагностики сердечно-сосудистых заболеваний. Однако, сегодня не существует мало габаритных комплексов, позволяющих осуществлять диагностику сердца без внутреннего вмешательства в тело и с очень высокой точностью. В данной работе отображены проблемы связанные с сердечно–сосудистыми заболеваниями (ССЗ) и представлены некоторые результаты работы электрокардиографа на наносенсорах. Была рассмотрена модель Fitz Hugh — Nagumo и представлен примерный алгоритм визуализации сердца. Ориентированно направление работ по разработке и проектированию аппаратно-программного комплекса базирующегося на входных данных с электрокардиографа на наносенсорах.
भाषा:रूसी
प्रकाशित: 2015
श्रृंखला:Технические науки
विषय:
ऑनलाइन पहुंच:http://www.moluch.ru/archive/90/18625/
स्वरूप: इलेक्ट्रोनिक पुस्तक अध्याय
KOHA link:https://koha.lib.tpu.ru/cgi-bin/koha/opac-detail.pl?biblionumber=643434

MARC

LEADER 00000nla0a2200000 4500
001 643434
005 20250221145030.0
035 |a (RuTPU)RU\TPU\network\8426 
090 |a 643434 
100 |a 20150909d2015 k||y0rusy50 ca 
101 0 |a rus 
102 |a RU 
135 |a drcn ---uucaa 
181 0 |a i  
182 0 |a b 
200 1 |a Визуализация состояния сердца с помощью аппаратно-програмного комплекса, основанного на кардиографической аппаратуре на наносенсорах  |f М. Г. Григорьев, Л. Н. Бабич  
203 |a Текст  |c электронный 
225 1 |a Технические науки 
300 |a Заглавие с экрана 
320 |a [Библиогр.: с. 178 (7 назв.)] 
330 |a Один из основных векторов развития современного оборудования в сфере медицинского приборостроения заключено в создании и совершенствовании сверхточных методов и приборов для диагностики сердечно-сосудистых заболеваний. Однако, сегодня не существует мало габаритных комплексов, позволяющих осуществлять диагностику сердца без внутреннего вмешательства в тело и с очень высокой точностью. В данной работе отображены проблемы связанные с сердечно–сосудистыми заболеваниями (ССЗ) и представлены некоторые результаты работы электрокардиографа на наносенсорах. Была рассмотрена модель Fitz Hugh — Nagumo и представлен примерный алгоритм визуализации сердца. Ориентированно направление работ по разработке и проектированию аппаратно-программного комплекса базирующегося на входных данных с электрокардиографа на наносенсорах. 
461 |t Молодой ученый  |o ежемесячный научный журнал  |d 2008- 
463 |t № 10 (90)  |v [С. 174-178]  |d 2015 
610 1 |a электронный ресурс 
610 1 |a труды учёных ТПУ 
610 1 |a функциональная диагностика 
610 1 |a электрокардиография 
610 1 |a сердечно-сосудистая система 
700 1 |a Григорьев  |b М. Г.  |c специалист в области неразрушающего контроля  |c инженер Томского политехнического университета  |f 1990-  |g Михаил Георгиевич  |3 (RuTPU)RU\TPU\pers\30682 
701 1 |a Бабич  |b Л. Н.  |g Людмила Николаевна 
712 0 2 |a Национальный исследовательский Томский политехнический университет (ТПУ)  |b Институт неразрушающего контроля (ИНК)  |b Лаборатория № 63 (Медицинского приборостроения)  |3 (RuTPU)RU\TPU\col\19731 
801 2 |a RU  |b 63413507  |c 20150909  |g RCR 
856 4 0 |u http://www.moluch.ru/archive/90/18625/ 
942 |c CF